02327nam a2200301 a 4500001001000000003000400010005001700014008004100031020001800072040002500090082002800115245010900143250001100252260003700263300003600300500007300336505115300409590002601562600005901588650004201647650003101689700004501720700006501765910003801830942001401868952012601882999001702008000048453Ost20240418073801.0190321s2006 dr ac r 000 0 spa d z9789993475084 aDO-SdBNPbspacBNPHU aRD863.4408bF216T, 200603aEl fantasma de Trujillo :bantología de cuentos sobre el tirano y su Era /ccompilador Miguel Collado. a2a ed. aSanto Domingo :bCEDIBIL,c2006. a254 p. :bil., retrs. ;c22 cm. aIncluye referencias bibliográficas y notas al pie de las páginas0 gPrefacio --tPiloncito /rJuan Bosch (1909-2001) --tRebeldes /rHilma Contreras (1913-) --tEl coronel Buenrostro /rMarcio Veloz Maggiolo (1936-) --tArquímedes y el jefe /rArmando Almánzar Rodríguez (1935-) --tEn el barrio no hay banderas /rRené del Risco Bermúdez (1937-1972) --t¡No ombe no, qué va! /rRubén Echavarría (1939-) --tRelincho de amor al atadecer /rEfraim Castillo (1940-) --tLos restos de Galíndez /rViriato Sención (1941-) --tEs absurdo morir otra vez... y para siempre /rDiógenes Valdez (1941-) --tLos trajes blancos han vuelto /rMiguel Alfonseca (1942-1994) --tCallejón sin salida /rJose Alcántara Almánzar (1946-) --tVíctor /rLipe Collado (1947-) --tMonstruos de acero y de cristal en el espectacular viaje de un desaparecido /rRoberto Marcallé Abreu (1948-) --tLos demonios del ángel /rArturo Rodríguez Fernández (1948-) --tPesadilla del amanuense /rJosé Enrique García (1948-) --tPormenores de una servidumbre /rPedro Peix (1952-) --tTemporal de sombras /rÁngela Hernández Núñez (1956-) --tLas muñecas contadas /rRafael García Romero (1957-) aInventariado, 2019/BT10aTrujillo Molina, Rafael Leónidas,d 1891-196197676414aCuentos dominicanosxColecciones950310aLiteratura dominicana.9671 aCollado, Miguel A.,d1954-ecomp.92469612aCentro Dominicano de Inventigaciones Bibliográficas975870 aValidado. Control de calidad. MFF 2ddccLBS1 0010718PDaPDbPDcHDd2019-03-21iLF1l0oRD863.4408 F216T, 2006p48453-10r2020-06-25w2020-06-25yLFPDZNo se presta c47941d47941